<?xml version="1.0" encoding="UTF-8"?>
<record
    xmlns:xsi="http://www.w3.org/2001/XMLSchema-instance"
    xsi:schemaLocation="http://www.loc.gov/MARC21/slim http://www.loc.gov/standards/marcxml/schema/MARC21slim.xsd"
    xmlns="http://www.loc.gov/MARC21/slim">

  <leader>02236nam0a2200361   4500</leader>
  <controlfield tag="001">RU\NLR\BIBL_A\021957672</controlfield>
  <controlfield tag="005">20230626154550.0</controlfield>
  <datafield tag="010" ind1=" " ind2=" ">
    <subfield code="a">978-5-9614-8320-8</subfield>
    <subfield code="9">3500</subfield>
  </datafield>
  <datafield tag="021" ind1=" " ind2=" ">
    <subfield code="a">RU</subfield>
    <subfield code="b">&#x41A;&#x41D;-&#x41F;-23-030324</subfield>
    <subfield code="9">&#x41A;&#x41D;-&#x41F;-23-2999</subfield>
  </datafield>
  <datafield tag="035" ind1=" " ind2=" ">
    <subfield code="a">(NLR Aleph) 021957672</subfield>
  </datafield>
  <datafield tag="035" ind1=" " ind2=" ">
    <subfield code="a">(RuMoRGB)011778831</subfield>
  </datafield>
  <datafield tag="090" ind1=" " ind2=" ">
    <subfield code="a">12306958</subfield>
    <subfield code="c">12306958</subfield>
  </datafield>
  <datafield tag="100" ind1=" " ind2=" ">
    <subfield code="a">20230606d2023    b  y0rusy50      ca</subfield>
  </datafield>
  <datafield tag="101" ind1="0" ind2=" ">
    <subfield code="a">rus</subfield>
  </datafield>
  <datafield tag="102" ind1=" " ind2=" ">
    <subfield code="a">RU</subfield>
  </datafield>
  <datafield tag="105" ind1=" " ind2=" ">
    <subfield code="a">a|||z||||||a|</subfield>
  </datafield>
  <datafield tag="181" ind1=" " ind2="0">
    <subfield code="a">b3</subfield>
    <subfield code="b">xb2e  </subfield>
  </datafield>
  <datafield tag="181" ind1=" " ind2="1">
    <subfield code="a">i1</subfield>
    <subfield code="b">axxe  </subfield>
  </datafield>
  <datafield tag="182" ind1=" " ind2="1">
    <subfield code="a">n</subfield>
  </datafield>
  <datafield tag="200" ind1="1" ind2=" ">
    <subfield code="a">&#x41E;&#x431;&#x43D;&#x438;&#x43C;&#x438; &#x43C;&#x435;&#x43D;&#x44F;!</subfield>
    <subfield code="e">&#x441;&#x43A;&#x430;&#x437;&#x43A;&#x430; &#x43E; &#x442;&#x43E;&#x43C;, &#x43A;&#x430;&#x43A; &#x41E;&#x431;&#x43D;&#x438;&#x43C;&#x430;&#x448;&#x43A;&#x430; &#x445;&#x43E;&#x442;&#x435;&#x43B; &#x441;&#x43F;&#x430;&#x441;&#x442;&#x438; &#x43C;&#x438;&#x440;</subfield>
    <subfield code="e">[&#x434;&#x43B;&#x44F; &#x447;&#x442;&#x435;&#x43D;&#x438;&#x44F; &#x432;&#x437;&#x440;&#x43E;&#x441;&#x43B;&#x44B;&#x43C;&#x438; &#x434;&#x435;&#x442;&#x44F;&#x43C;</subfield>
    <subfield code="e">4-6 &#x43B;&#x435;&#x442;</subfield>
    <subfield code="e">&#x442;&#x435;&#x442;&#x440;&#x430;&#x434;&#x44C; &#x441; &#x438;&#x433;&#x440;&#x430;&#x43C;&#x438; &#x438; &#x437;&#x430;&#x434;&#x430;&#x43D;&#x438;&#x44F;&#x43C;&#x438; &#x432;&#x43D;&#x443;&#x442;&#x440;&#x438;]</subfield>
    <subfield code="f">&#x410;&#x43D;&#x430;&#x441;&#x442;&#x430;&#x441;&#x438;&#x44F; &#x41C;&#x430;&#x440;&#x43A;&#x435;&#x43B;&#x43E;&#x432;&#x430;</subfield>
    <subfield code="g">&#x438;&#x43B;&#x43B;&#x44E;&#x441;&#x442;&#x440;&#x430;&#x442;&#x43E;&#x440; &#x415;. &#x421;&#x43C;&#x435;&#x448;&#x43B;&#x438;&#x432;&#x430;&#x44F;</subfield>
  </datafield>
  <datafield tag="203" ind1=" " ind2=" ">
    <subfield code="a">&#x418;&#x437;&#x43E;&#x431;&#x440;&#x430;&#x436;&#x435;&#x43D;&#x438;&#x435;</subfield>
    <subfield code="a">&#x422;&#x435;&#x43A;&#x441;&#x442;</subfield>
    <subfield code="b">&#x432;&#x438;&#x437;&#x443;&#x430;&#x43B;&#x44C;&#x43D;&#x44B;&#x435;</subfield>
    <subfield code="c">&#x43D;&#x435;&#x43F;&#x43E;&#x441;&#x440;&#x435;&#x434;&#x441;&#x442;&#x432;&#x435;&#x43D;&#x43D;&#x44B;&#x435;</subfield>
  </datafield>
  <datafield tag="210" ind1=" " ind2=" ">
    <subfield code="a">&#x41C;&#x43E;&#x441;&#x43A;&#x432;&#x430;</subfield>
    <subfield code="c">&#x410;&#x43B;&#x44C;&#x43F;&#x438;&#x43D;&#x430; &#x434;&#x435;&#x442;&#x438;</subfield>
    <subfield code="c">&#x410;&#x43B;&#x44C;&#x43F;&#x438;&#x43D;&#x430; &#x43F;&#x430;&#x431;&#x43B;&#x438;&#x448;&#x435;&#x440;</subfield>
    <subfield code="d">2023</subfield>
  </datafield>
  <datafield tag="215" ind1=" " ind2=" ">
    <subfield code="a">[48] &#x441;.</subfield>
    <subfield code="c">&#x438;&#x43B;., &#x446;&#x432;. &#x438;&#x43B;.</subfield>
    <subfield code="d">21&#x445;21</subfield>
  </datafield>
  <datafield tag="330" ind1=" " ind2=" ">
    <subfield code="a">&#x412;&#x441;&#x451; &#x43F;&#x440;&#x435;&#x43A;&#x440;&#x430;&#x441;&#x43D;&#x43E; &#x432; &#x43C;&#x438;&#x440;&#x435; &#x43C;&#x430;&#x43B;&#x435;&#x43D;&#x44C;&#x43A;&#x43E;&#x433;&#x43E; &#x441;&#x43B;&#x43E;&#x43D;&#x451;&#x43D;&#x43A;&#x430; &#x41E;&#x431;&#x43D;&#x438;&#x43C;&#x430;&#x448;&#x43A;&#x438;: &#x43E;&#x43D; &#x445;&#x43E;&#x434;&#x438;&#x442; &#x432; &#x434;&#x435;&#x442;&#x441;&#x43A;&#x438;&#x439; &#x441;&#x430;&#x434;, &#x433;&#x434;&#x435; &#x433;&#x43E;&#x442;&#x43E;&#x432;&#x438;&#x442;&#x441;&#x44F; &#x43A; &#x448;&#x43A;&#x43E;&#x43B;&#x435;, &#x43C;&#x430;&#x43C;&#x430; &#x440;&#x430;&#x441;- &#x441;&#x43A;&#x430;&#x437;&#x44B;&#x432;&#x430;&#x435;&#x442; &#x435;&#x43C;&#x443; &#x441;&#x43A;&#x430;&#x437;&#x43A;&#x438; &#x43F;&#x435;&#x440;&#x435;&#x434; &#x441;&#x43D;&#x43E;&#x43C;, &#x430; &#x432; &#x43B;&#x44E;&#x431;&#x438;&#x43C;&#x43E;&#x43C; &#x440;&#x443;&#x447;&#x44C;&#x435; &#x432;&#x441;&#x435;&#x433;&#x434;&#x430; &#x432;&#x435;&#x441;&#x435;&#x43B;&#x43E; &#x43A;&#x432;&#x430;&#x43A;&#x430;&#x435;&#x442; &#x441;&#x435;&#x43C;&#x435;&#x439;&#x441;&#x442;&#x432;&#x43E; &#x43B;&#x44F;&#x433;&#x443;&#x448;&#x435;&#x43A;. &#x41D;&#x43E; &#x43E;&#x434;&#x43D;&#x430;&#x436;&#x434;&#x44B; &#x432; &#x441;&#x430;&#x432;&#x430;&#x43D;&#x43D;&#x443; &#x43F;&#x440;&#x438;&#x448;&#x43B;&#x430; &#x437;&#x430;&#x441;&#x443;&#x445;&#x430;... &#x421;&#x43B;&#x43E;&#x43D;&#x451;&#x43D;&#x43E;&#x43A; &#x432;&#x438;&#x434;&#x438;&#x442;, &#x43A;&#x430;&#x43A; &#x43C;&#x435;&#x43D;&#x44F;&#x435;&#x442;&#x441;&#x44F; &#x43C;&#x438;&#x440; &#x432;&#x43E;&#x43A;&#x440;&#x443;&#x433; &#x43D;&#x435;&#x433;&#x43E;, &#x430; &#x433;&#x43B;&#x430;&#x432;&#x43D;&#x43E;&#x435; - &#x437;&#x430;&#x441;&#x44B;&#x445;&#x430;&#x435;&#x442; &#x435;&#x433;&#x43E; &#x43B;&#x44E;&#x431;&#x438;&#x43C;&#x44B;&#x439; &#x43F;&#x440;&#x443;&#x434;! &#x41A;&#x430;&#x43A; &#x436;&#x435; &#x43E;&#x441;&#x442;&#x430;&#x43D;&#x43E;&#x432;&#x438;&#x442;&#x44C; &#x437;&#x430;&#x441;&#x443;&#x445;&#x443; &#x438; &#x441;&#x43F;&#x430;&#x441;&#x442;&#x438; &#x43B;&#x44E;&#x431;&#x438;&#x43C;&#x44B;&#x439; &#x432;&#x43E;&#x434;&#x43E;&#x451;&#x43C;? &#x418; &#x43F;&#x43E; &#x441;&#x438;&#x43B;&#x430;&#x43C; &#x43B;&#x438; &#x43C;&#x430;&#x43B;&#x435;&#x43D;&#x44C;&#x43A;&#x43E;&#x43C;&#x443; &#x441;&#x43B;&#x43E;&#x43D;&#x451;&#x43D;&#x43A;&#x443; &#x43F;&#x440;&#x43E;&#x442;&#x438;&#x432;&#x43E;&#x441;&#x442;&#x43E;&#x44F;&#x442;&#x44C; &#x431;&#x43E;&#x43B;&#x44C;&#x448;&#x438;&#x43C; &#x43F;&#x440;&#x43E;&#x431;&#x43B;&#x435;&#x43C;&#x430;&#x43C;?</subfield>
  </datafield>
  <datafield tag="333" ind1=" " ind2=" ">
    <subfield code="a">3+</subfield>
  </datafield>
  <datafield tag="686" ind1="0" ind2=" ">
    <subfield code="a">&#x428;9(2)60=&#x420;7-2</subfield>
  </datafield>
  <datafield tag="700" ind1=" " ind2="1">
    <subfield code="a">&#x41C;&#x430;&#x440;&#x43A;&#x435;&#x43B;&#x43E;&#x432;&#x430;</subfield>
    <subfield code="b">&#x410;. &#x418;.</subfield>
    <subfield code="g">&#x410;&#x43D;&#x430;&#x441;&#x442;&#x430;&#x441;&#x438;&#x44F; &#x418;</subfield>
  </datafield>
  <datafield tag="702" ind1=" " ind2="1">
    <subfield code="a">&#x421;&#x43C;&#x435;&#x448;&#x43B;&#x438;&#x432;&#x430;&#x44F;</subfield>
    <subfield code="b">&#x415;. &#x412;.</subfield>
    <subfield code="g">&#x415;&#x43B;&#x435;&#x43D;&#x430; &#x412;.</subfield>
    <subfield code="4">440</subfield>
  </datafield>
  <datafield tag="942" ind1=" " ind2=" ">
    <subfield code="c">BOOK</subfield>
  </datafield>
  <datafield tag="980" ind1=" " ind2=" ">
    <subfield code="a">NB</subfield>
  </datafield>
  <datafield tag="995" ind1=" " ind2=" ">
    <subfield code="5">2023-06-06</subfield>
    <subfield code="a">ad</subfield>
    <subfield code="b">NLR01</subfield>
    <subfield code="c">NLR01</subfield>
    <subfield code="e">RF81</subfield>
    <subfield code="f">1-4260077</subfield>
    <subfield code="k">2023-4/4382</subfield>
    <subfield code="o">0</subfield>
    <subfield code="r">BOOK</subfield>
    <subfield code="s">202344382_</subfield>
  </datafield>
  <datafield tag="995" ind1=" " ind2=" ">
    <subfield code="5">2023-06-06</subfield>
    <subfield code="a">ad</subfield>
    <subfield code="b">NLR01</subfield>
    <subfield code="c">NLR01</subfield>
    <subfield code="e">OBM</subfield>
    <subfield code="f">1-4260078</subfield>
    <subfield code="o">0</subfield>
    <subfield code="r">BOOK</subfield>
  </datafield>
</record>
